Lecciones de derechos reales (Registro nro. 6458)
[ vista simple ]
| 000 -LEADER | |
|---|---|
| fixed length control field | 01190 a2200217 4500 |
| 001 - CONTROL NUMBER | |
| control field | 58589 |
| 005 - DATE AND TIME OF LATEST TRANSACTION | |
| control field | 20260407155842.0 |
| 008 - FIXED-LENGTH DATA ELEMENTS--GENERAL INFORMATION | |
| fixed length control field | 260407a1969 arg spa d |
| 003 - CONTROL NUMBER IDENTIFIER | |
| control field | AR-UNSa-BCEJYS |
| 040 ## - CATALOGING SOURCE | |
| Original cataloging agency | AR-UNSa-BCEJYS |
| Language of cataloging | spa |
| Transcribing agency | AR-UNSa-BCEJYS |
| 080 ## - UNIVERSAL DECIMAL CLASSIFICATION NUMBER | |
| Universal Decimal Classification number | 347.2 |
| Common auxiliary subdivision | Derechos reales. Cosas. Bienes muebles |
| 041 ## - LANGUAGE CODE | |
| Language code of text/sound track or separate title | spa |
| 100 1# - MAIN ENTRY--PERSONAL NAME | |
| Personal name | Valdes, Horacio |
| 245 10 - TITLE STATEMENT | |
| Title | Lecciones de derechos reales |
| 264 #1 - PRODUCTION, PUBLICATION, DISTRIBUTION, MANUFACTURE, AND COPYRIGHT NOTICE | |
| Place of production, publication, distribution, manufacture | Córdoba : |
| Name of producer, publisher, distributor, manufacturer | Ediciones Lerner |
| Date of production, publication, distribution, manufacture, or copyright notice | 1969 |
| 300 ## - PHYSICAL DESCRIPTION | |
| Extent | 354 p. |
| Dimensions | 25 cm. |
| 505 ## - FORMATTED CONTENTS NOTE | |
| Formatted contents note | 1. Introducción al estudio de los derechos reales – 2. La posesión, sus elementos, objeto y clases – 3. Adquisición de la posesión – 4. Efectos de la posesión. Conservación y pérdida de la posesión. La simple tenencia – 5. La protección posesoria – 6. Las acciones posesorias – 7. Dominio. Función social de la propiedad – 8. Restricciones y límites al dominio. Modos de adquirir dominio – 9. Modos de adquirir el dominio (continuación) – 10. Efectos de la posesión: cosas muebles – 11. Prescripción adquisitiva o usucapión – 12. Condominio. Indivisión forzosa |
| 590 ## - LOCAL NOTE (RLIN) | |
| Local note | niveau_biblio:m niveau_hierar:0 |
| 700 1# - ADDED ENTRY--PERSONAL NAME | |
| Personal name | Orchansky, Benito |
| 942 ## - ADDED ENTRY ELEMENTS (KOHA) | |
| Koha item type | |
| Withdrawn status | Lost status | Damaged status | Not for loan | Home library | Current library | Shelving location | Date acquired | Total checkouts | Full call number | Barcode | Date last seen | Price effective from | Koha item type |
|---|---|---|---|---|---|---|---|---|---|---|---|---|---|
| Biblioteca Prof. Eusebio Cleto del Rey | Biblioteca Prof. Eusebio Cleto del Rey | 07/04/2026 | 347.2 V144 v.1 | L87219 | 07/04/2026 | 07/04/2026 | Libro |